ਸੁਨਹਰਾ ਗੁਲਾਬ / (Record no. 110365)
[ view plain ]
| 000 -LEADER | |
|---|---|
| fixed length control field | 01019nam a22002657a 4500 |
| 005 - DATE AND TIME OF LATEST TRANSACTION | |
| control field | 20170123164151.0 |
| 010 ## - LIBRARY OF CONGRESS CONTROL NUMBER | |
| LC control number | B-055187 |
| 020 ## - INTERNATIONAL STANDARD BOOK NUMBER | |
| International Standard Book Number | 140.00 |
| 035 ## - SYSTEM CONTROL NUMBER | |
| System control number | B-055187 |
| 037 ## - SOURCE OF ACQUISITION | |
| Source of stock number/acquisition | Cen Lib / Ret |
| 040 ## - CATALOGING SOURCE | |
| Original cataloging agency | DPL |
| Language of cataloging | PN |
| 082 ## - DEWEY DECIMAL CLASSIFICATION NUMBER | |
| Classification number | 854 |
| Item number | ਪੌਸਤੇ |
| 100 ## - MAIN ENTRY--PERSONAL NAME | |
| Personal name | ਪੌਸਤੇਟੋਵਸਕੀ |
| 9 (RLIN) | 45600 |
| 245 ## - TITLE STATEMENT | |
| Title | ਸੁਨਹਰਾ ਗੁਲਾਬ / |
| Statement of responsibility, etc | ਪੌਸਤੇਟੋਵਸਕੀ ; ਅਨੁਵਾਦਕ ਸੁਖਬੀਰ |
| 246 ## - VARYING FORM OF TITLE | |
| Title proper/short title | Sunehra gulab / |
| Remainder of title | by Paustovsky ; translated by Sukhbir |
| 260 ## - PUBLICATION, DISTRIBUTION, ETC. (IMPRINT) | |
| Place of publication, distribution, etc | ਲੁਧਿਆਣਾ |
| Name of publisher, distributor, etc | ਚੇਤਨਾ ਪ੍ਰਕਾਸ਼ਨ |
| Date of publication, distribution, etc | 2001 |
| 270 ## - ADDRESS | |
| Address | ਜਾਬੀ ਭਵਨ |
| City | ਲੁਧਿਆਣਾ |
| 300 ## - PHYSICAL DESCRIPTION | |
| Extent | 188p. |
| Dimensions | 23cm(Hb) |
| 650 ## - SUBJECT ADDED ENTRY--TOPICAL TERM | |
| Topical term or geographic name as entry element | ਸਾਹਿਤ -- ਪੰਜਾਬੀ |
| 9 (RLIN) | 126341 |
| 650 ## - SUBJECT ADDED ENTRY--TOPICAL TERM | |
| Topical term or geographic name as entry element | ਪੰਜਾਬੀ- ਨਿਬੰਧ |
| 9 (RLIN) | 126342 |
| 650 ## - SUBJECT ADDED ENTRY--TOPICAL TERM | |
| Topical term or geographic name as entry element | Literature -- Punjabi |
| 9 (RLIN) | 126343 |
| 650 ## - SUBJECT ADDED ENTRY--TOPICAL TERM | |
| Topical term or geographic name as entry element | Punjabi - Essays |
| 9 (RLIN) | 118968 |
| 700 ## - ADDED ENTRY--PERSONAL NAME | |
| Personal name | ਸੁਖਬੀਰ |
| 9 (RLIN) | 500 |
| 942 ## - ADDED ENTRY ELEMENTS (KOHA) | |
| Source of classification or shelving scheme | Dewey Decimal Classification |
| Koha item type | Punjabi Bks |
| Classification part | 854 |
| Call number suffix | ਪੌਸਤੇ |
| Withdrawn status | Lost status | Damaged status | Not for loan | Home library | Current library | Date acquired | Source of acquisition | Cost, normal purchase price | Total Checkouts | Full call number | Barcode | Date last seen | Copy number | Cost, replacement price | Price effective from | Koha item type |
|---|---|---|---|---|---|---|---|---|---|---|---|---|---|---|---|---|
| Central Library | Central Library | 20/01/2016 | Cen Lib/Ret | 140.00 | 854 ਪੌਸਤੇ | B-055187 | 20/01/2016 | 1 | 140.00 | 20/01/2016 | Punjabi Bks |
